000 00424nam a2200181Ia 4500
001 15242
005 20260306165013.0
008 260306t2009||||xx |||||||||||||| ||spa||
041 _aESP
082 _a531.076
_bH43
100 _aHernández, juan A.
_eAUT
245 0 _aProblemas de física:
_bmecánica
260 _c2009
300 _a391páginas :
_c
650 _aGEN
654 _aCCN
942 _cLIB
_dJUS
_fJUS
_2ddc
_n
999 _c15242
_d15242